[Event "Winter Classic 2017-A"]
[Site "Saint Louis"]
[Date "2017.03.11"]
[Round "1"]
[White "Howell, David W L"]
[Black "Ipatov, Alexander"]
[Result "1/2-1/2"]
[WhiteElo "2667"]
[BlackElo "2660"]
[PlyCount "84"]
[EventDate "2017.??.??"]

1. e4 e5 2. Nf3 Nc6 3. Bc4 Bc5 4. O-O Nf6 5. d3 d6 6. c3 O-O 7. a4 a6 8. h3 Ba7
9. Re1 Ne7 10. Nbd2 Ng6 11. Nf1 c6 12. Ba2 Be6 13. Bxe6 fxe6 14. Ng3 d5 15. Be3
Bxe3 16. Rxe3 Qb6 17. Qc2 a5 18. Ra3 d4 19. Re1 Nd7 20. Nh2 Rad8 21. Rc1 Nf4
22. Rb3 Qa7 23. cxd4 Qxd4 24. Ng4 h5 25. Ne3 b6 26. Qxc6 h4 27. Rc4 hxg3 28.
Rxd4 Ne2+ 29. Kh1 Nxd4 30. Qd6 Rxf2 31. Rc3 Re2 32. Rc1 Rxe3 33. Qe7 Rf8 34.
Qxd7 Re2 35. Rg1 Rxb2 36. Qd6 Ne2 37. Qxe6+ Kh7 38. Qxe5 Nxg1 39. Qh5+ Kg8 40.
Qd5+ Kh7 41. Qh5+ Kg8 42. Qd5+ Kh7 1/2-1/2

[Event "Winter Classic 2017-A"]
[Site "Saint Louis"]
[Date "2017.03.11"]
[Round "1"]
[White "Sevian, Samuel"]
[Black "Swiercz, Dariusz"]
[Result "1/2-1/2"]
[WhiteElo "2587"]
[BlackElo "2645"]
[PlyCount "60"]
[EventDate "2017.??.??"]

1. e4 e5 2. Nf3 Nc6 3. Bb5 a6 4. Ba4 Nf6 5. O-O Be7 6. Re1 b5 7. Bb3 O-O 8. a4
b4 9. d4 d6 10. dxe5 dxe5 11. Nbd2 Bc5 12. a5 h6 13. h3 Qd6 14. Qe2 Be6 15. Nc4
Qe7 16. Be3 Rad8 17. Ncd2 Bxe3 18. Qxe3 Nd4 19. Nxd4 Rxd4 20. Bxe6 Qxe6 21. c3
bxc3 22. Qxc3 Rb8 23. Rac1 c5 24. Nf3 Rxe4 25. Rxe4 Nxe4 26. Qxe5 Qxe5 27. Nxe5
Rxb2 28. Nd3 Rd2 29. Nxc5 Nxc5 30. Rxc5 Ra2 1/2-1/2

[Event "Winter Classic 2017-A"]
[Site "Saint Louis"]
[Date "2017.03.12"]
[Round "2"]
[White "Swiercz, Dariusz"]
[Black "Shankland, Samuel L"]
[Result "1/2-1/2"]
[WhiteElo "2645"]
[BlackElo "2666"]
[PlyCount "108"]
[EventDate "2017.??.??"]

1. e4 c5 2. Nf3 d6 3. d4 cxd4 4. Nxd4 Nf6 5. Nc3 a6 6. Be3 e6 7. Be2 Be7 8. O-O
Qc7 9. a4 b6 10. f4 Bb7 11. Bf3 Nbd7 12. f5 e5 13. Nb3 O-O 14. Qe2 Rfc8 15. Nd2
h6 16. g3 Bc6 17. Rfc1 Qb7 18. Qg2 b5 19. a5 Qc7 20. Nd5 Nxd5 21. exd5 Bb7 22.
h4 Qd8 23. c3 Nf6 24. Ne4 Ne8 25. Rd1 Qd7 26. Qh3 g6 27. g4 gxf5 28. gxf5 Ng7
29. Bxh6 Qxf5 30. Qg2 Qg6 31. Qxg6 fxg6 32. Bg5 Kf7 33. Rf1 Ke8 34. Rad1 Nf5
35. Bh5 Nxh4 36. Bxh4 gxh5 37. Bxe7 Kxe7 38. Rf6 Bxd5 39. Rxd5 Rc4 40. Rdxd6
Rxe4 41. Rxa6 Rxa6 42. Rxa6 b4 43. Rh6 bxc3 44. bxc3 Ra4 45. a6 Kd8 46. Rxh5
Rxa6 47. Rxe5 Rf6 48. Re2 Rf3 49. c4 Rc3 50. Re4 Kc7 51. Kf2 Kc6 52. Ke2 Kc5
53. Kd2 Rxc4 54. Rxc4+ Kxc4 1/2-1/2

[Event "Winter Classic 2017-A"]
[Site "Saint Louis"]
[Date "2017.03.12"]
[Round "2"]
[White "Zherebukh, Yaroslav"]
[Black "Cordova, Emilio"]
[Result "1/2-1/2"]
[WhiteElo "2605"]
[BlackElo "2655"]
[PlyCount "63"]
[EventDate "2017.??.??"]

1. e4 e6 2. d4 d5 3. Nd2 c5 4. exd5 exd5 5. Bb5+ Bd7 6. Bxd7+ Nxd7 7. Ne2 Bd6
8. dxc5 Nxc5 9. Nf3 Ne4 10. O-O Ngf6 11. Bf4 O-O 12. Bxd6 Qxd6 13. c3 Rfe8 14.
Ned4 a6 15. Ne1 g6 16. Nd3 Rac8 17. Re1 Nd7 18. f3 Nec5 19. Nxc5 Nxc5 20. Qd2
Qb6 21. Rxe8+ Rxe8 22. Re1 Rxe1+ 23. Qxe1 Ne6 24. Qd2 Nxd4 25. cxd4 h5 26. Kf2
Qc6 27. h4 f6 28. b3 Kg7 29. Qe2 Kf7 30. Qd2 Kg7 31. Qe2 Kf7 32. Qd2 1/2-1/2

[Event "Winter Classic 2017-A"]
[Site "Saint Louis"]
[Date "2017.03.13"]
[Round "3"]
[White "Xiong, Jeffery"]
[Black "Ipatov, Alexander"]
[Result "1/2-1/2"]
[WhiteElo "2674"]
[BlackElo "2660"]
[PlyCount "98"]
[EventDate "2017.??.??"]

1. d4 Nf6 2. c4 g6 3. Nc3 d5 4. Nf3 Bg7 5. h4 c6 6. cxd5 cxd5 7. Bf4 Nc6 8. e3
O-O 9. Qb3 Na5 10. Qa3 b6 11. Rc1 Bb7 12. Be2 Nc4 13. Qb3 Rc8 14. O-O a6 15. a4
e6 16. Rc2 Nd7 17. Rd1 Bf6 18. Qa2 Qe7 19. b3 Nd6 20. g3 Kg7 21. Ne5 Nf5 22.
Bf3 h6 23. Nxd7 Qxd7 24. Ne2 Be7 25. Rdc1 Rxc2 26. Qxc2 Rc8 27. Qd2 g5 28. hxg5
hxg5 29. Be5+ f6 30. e4 dxe4 31. Qxg5+ Kf8 32. Rxc8+ Qxc8 33. Bxf6 exf3 34. Nf4
Qc1+ 35. Kh2 Qf1 36. Bxe7+ Nxe7 37. Ng6+ Nxg6 38. Qf6+ Ke8 39. Qxg6+ Ke7 40.
Qg7+ Ke8 41. Qg8+ Kd7 42. Qf7+ Kc8 43. Qf8+ Kc7 44. Qf4+ Kd7 45. Qf7+ Kd6 46.
Qf4+ Kd7 47. Qf7+ Kd8 48. Qf8+ Kc7 49. Qf4+ Kd7 1/2-1/2

[Event "Winter Classic 2017-A"]
[Site "Saint Louis"]
[Date "2017.03.13"]
[Round "3"]
[White "Shankland, Samuel L"]
[Black "Li, Ruifeng"]
[Result "1/2-1/2"]
[WhiteElo "2666"]
[BlackElo "2577"]
[PlyCount "82"]
[EventDate "2017.??.??"]

1. d4 f5 2. g3 Nf6 3. Bg2 g6 4. Nf3 Bg7 5. O-O O-O 6. c4 d6 7. Nc3 e6 8. Rb1 a5
9. b3 Nc6 10. d5 Nb4 11. dxe6 Bxe6 12. Nd4 Bc8 13. Bb2 c6 14. e3 Qe7 15. a3 Na6
16. Qc2 Nc5 17. Rbd1 Bd7 18. Rfe1 Nfe4 19. Nde2 Nf6 20. Nf4 Rad8 21. b4 axb4
22. axb4 Ne6 23. b5 Nc5 24. Ba3 g5 25. Nfe2 Nfe4 26. bxc6 bxc6 27. Nxe4 Nxe4
28. Bb2 Nf6 29. Nd4 Ne4 30. g4 d5 31. Nxf5 Bxf5 32. Bxg7 Kxg7 33. gxf5 Qe5 34.
cxd5 cxd5 35. f3 Nf6 36. Rd4 Rfe8 37. Qd3 Rc8 38. Bh3 Rc7 39. Qd2 Kh8 40. Kh1
Rec8 41. Qf2 Rc1 1/2-1/2

[Event "Winter Classic 2017-A"]
[Site "Saint Louis"]
[Date "2017.03.13"]
[Round "3"]
[White "Fedoseev, Vladimir"]
[Black "Zherebukh, Yaroslav"]
[Result "1-0"]
[WhiteElo "2658"]
[BlackElo "2605"]
[PlyCount "115"]
[EventDate "2017.??.??"]

1. d4 Nf6 2. c4 g6 3. d5 Bg7 4. Nc3 O-O 5. e4 d6 6. Nf3 e6 7. dxe6 Bxe6 8. Be2
Re8 9. Be3 Ng4 10. Bg5 f6 11. Bh4 Nc6 12. O-O Nge5 13. Nd5 Nf7 14. Bd3 Bg4 15.
Ne3 Bxf3 16. Qxf3 Ng5 17. Qd1 Kh8 18. Nd5 Ne5 19. Nc3 Ne6 20. f4 Nxf4 21. Rxf4
g5 22. Rf5 gxh4 23. Be2 Bh6 24. Qb3 c6 25. Qxb7 Be3+ 26. Kh1 Rb8 27. Qa6 Rxb2
28. Qa3 Rd2 29. Raf1 Bd4 30. Bh5 Rg8 31. Ne2 Rd3 32. Qa4 Qe7 33. Qc2 Qg7 34.
Nf4 Rc3 35. Qd2 Be3 36. Qxc3 Bxf4 37. Rg1 Bg5 38. Be2 Qe7 39. c5 dxc5 40. Rd1
Rb8 41. a3 c4 42. Bxc4 Qc5 43. Qa1 Re8 44. Bf7 Re7 45. Bb3 Kg7 46. h3 Qe3 47.
Bc2 Qg3 48. Rdf1 Rd7 49. R1f2 c5 50. Qb1 Qxa3 51. Qb8 Qe3 52. Qe8 Rf7 53. Rf1
Rf8 54. Qe7+ Rf7 55. Qe6 Qc3 56. Bd1 Kg6 57. Ba4 Rf8 58. Qe7 1-0

[Event "Winter Classic 2017-A"]
[Site "Saint Louis"]
[Date "2017.03.13"]
[Round "3"]
[White "Cordova, Emilio"]
[Black "Swiercz, Dariusz"]
[Result "0-1"]
[WhiteElo "2655"]
[BlackElo "2645"]
[PlyCount "86"]
[EventDate "2017.??.??"]

1. d4 Nf6 2. Bg5 d5 3. e3 c5 4. Bxf6 gxf6 5. Nf3 cxd4 6. exd4 Bg7 7. c4 dxc4 8.
Bxc4 O-O 9. Nc3 Nc6 10. h3 f5 11. Bd5 Qb6 12. Bxc6 bxc6 13. O-O Qxb2 14. Na4
Qa3 15. Re1 Be6 16. Nc5 Bd5 17. Ne5 Kh8 18. Re3 Qa5 19. Ncd3 Rg8 20. Nf4 Bh6
21. Ned3 Qc7 22. Re5 e6 23. Qh5 Bg7 24. Rc1 Be4 25. Rxe4 fxe4 26. Ne5 Bxe5 27.
dxe5 Rab8 28. Rc4 Qe7 29. Rxe4 Rb4 30. Qe2 Rxe4 31. Qxe4 Qg5 32. g3 Qf5 33. Qe3
c5 34. Kh2 c4 35. g4 Qg5 36. Kg3 Rc8 37. h4 Qd8 38. Qxa7 Qc7 39. Qe3 Qc5 40.
Qc3 Ra8 41. Qe1 Rxa2 42. h5 h6 43. f3 Qd4 0-1

[Event "Winter Classic 2017-A"]
[Site "Saint Louis"]
[Date "2017.03.13"]
[Round "3"]
[White "Sevian, Samuel"]
[Black "Howell, David W L"]
[Result "0-1"]
[WhiteElo "2587"]
[BlackElo "2667"]
[PlyCount "124"]
[EventDate "2017.??.??"]

1. e4 c6 2. d4 d5 3. e5 Bf5 4. Nf3 e6 5. Be2 Ne7 6. O-O Ng6 7. Be3 Nd7 8. h3 h5
9. Nbd2 h4 10. c4 dxc4 11. Nxc4 Be7 12. Qb3 Nb6 13. Nfd2 Nxc4 14. Nxc4 Rb8 15.
Bf3 O-O 16. a4 a5 17. Rfd1 Qc7 18. Bd2 Ra8 19. Ne3 Rad8 20. Qc4 Qb6 21. Nxf5
exf5 22. e6 Rxd4 23. exf7+ Rxf7 24. Qa2 Ne5 25. Bh5 g6 26. Be3 Bc5 27. Qe6
Rxd1+ 28. Rxd1 Bxe3 29. Qxe5 Bxf2+ 30. Kh1 gxh5 31. Qe8+ Kg7 32. Rd8 Qc7 33.
Qh8+ Kg6 34. Qg8+ Kf6 35. Qh8+ Kg6 36. Qg8+ Kf6 37. Qh8+ Ke6 38. Re8+ Re7 39.
Rd8 Qf4 40. Qg8+ Ke5 41. Qh8+ Ke4 42. Rd1 Qe3 43. Qxh5 Be1 44. Qh8 Re5 45. Qd8
Bf2 46. Qd6 Qb3 47. Rf1 Bg3 48. Rd1 Bf2 49. Rf1 Bg3 50. Rd1 Rd5 51. Qe6+ Be5
52. Re1+ Qe3 53. Rxe3+ Kxe3 54. g3 hxg3 55. Qxf5 Rd1+ 56. Kg2 Rd2+ 57. Kg1 Rd1+
58. Kg2 Rd2+ 59. Kg1 Bd4 60. h4 Rh2 61. Qg4 Kd3+ 62. Kf1 g2+ 0-1

[Event "Winter Classic 2017-A"]
[Site "Saint Louis"]
[Date "2017.03.14"]
[Round "4"]
[White "Xiong, Jeffery"]
[Black "Sevian, Samuel"]
[Result "1/2-1/2"]
[WhiteElo "2674"]
[BlackElo "2587"]
[PlyCount "91"]
[EventDate "2017.??.??"]

1. e4 e5 2. Nf3 Nc6 3. Bc4 Bc5 4. d3 Nf6 5. O-O O-O 6. c3 d6 7. h3 h6 8. Re1 a6
9. Bb3 Ba7 10. Nbd2 Nh5 11. Nf1 Qf6 12. Be3 Bxe3 13. Rxe3 Nf4 14. a3 Ne7 15. d4
Neg6 16. Ng3 h5 17. Bc2 Ne7 18. Qf1 h4 19. dxe5 dxe5 20. Nf5 Nfg6 21. Qc4 c6
22. Rd1 Nxf5 23. exf5 Bxf5 24. Bxf5 Qxf5 25. Nxh4 Qh5 26. Nf3 Rad8 27. Rxd8
Rxd8 28. Rd3 Rxd3 29. Qxd3 Nf4 30. Qd7 Kh7 31. g4 Nxh3+ 32. Kf1 Qg6 33. Nxe5
Qb1+ 34. Kg2 Ng5 35. Qd3+ Qxd3 36. Nxd3 Ne6 37. f4 g6 38. f5 gxf5 39. gxf5 Ng7
40. Nc5 b6 41. Nxa6 Nxf5 42. Kf3 Kg6 43. Nb8 Ne7 44. Nd7 b5 45. Ke4 f6 46. b3
1/2-1/2

[Event "Winter Classic 2017-A"]
[Site "Saint Louis"]
[Date "2017.03.14"]
[Round "4"]
[White "Howell, David W L"]
[Black "Shankland, Samuel L"]
[Result "1/2-1/2"]
[WhiteElo "2667"]
[BlackElo "2666"]
[PlyCount "159"]
[EventDate "2017.??.??"]

1. c4 e6 2. g3 d5 3. Bg2 Nf6 4. Nf3 dxc4 5. O-O a6 6. Qc2 Bd6 7. Qxc4 b5 8. Qb3
Bb7 9. a4 Nbd7 10. axb5 Bd5 11. Qc2 axb5 12. Rxa8 Qxa8 13. Nc3 Bc6 14. d3 O-O
15. Bg5 h6 16. Bxf6 Nxf6 17. Rc1 Rc8 18. Qd1 Qb7 19. Ne1 Bxg2 20. Nxg2 c5 21.
Qb3 Rb8 22. Ne1 Qa6 23. Nf3 c4 24. dxc4 bxc4 25. Qc2 Bb4 26. Nd1 Rc8 27. Ne5 c3
28. Nd3 Nd5 29. e4 Bf8 30. exd5 cxb2 31. Qxb2 Qxd3 32. dxe6 Rxc1 33. exf7+ Kxf7
34. Qxc1 Bc5 35. Nc3 Qf3 36. Qc2 Kg8 37. Ne4 Ba7 38. Kf1 Kh8 39. Qc8+ Kh7 40.
Qb7 Qf5 41. Kg2 Bd4 42. Qc6 Qf7 43. Qd6 Bf6 44. h4 Be7 45. Qd7 Kg8 46. Qc6 Kh7
47. Nc3 Qf5 48. Qc4 Qc2 49. Kf3 Qf5+ 50. Ke2 Qc2+ 51. Ke3 Bf6 52. Qd3+ Qxd3+
53. Kxd3 g6 54. Ne4 Bd8 55. Kd4 Kg7 56. Ke5 Kf7 57. Kd6 Be7+ 58. Kd5 Bd8 59.
Kd6 Be7+ 60. Kd7 Bb4 61. g4 Ba3 62. h5 gxh5 63. gxh5 Bc1 64. Kd6 Bf4+ 65. Kd5
Ke7 66. f3 Kf7 67. Nf2 Kf6 68. Ke4 Bg3 69. Nh3 Bb8 70. f4 Ba7 71. f5 Bb8 72.
Nf4 Kg5 73. Ne6+ Kxh5 74. Kd5 Bg3 75. Ng7+ Kg4 76. f6 Bh4 77. f7 Be7 78. Ke6
Bf8 79. Kf6 h5 80. Nxh5 1/2-1/2

[Event "Winter Classic 2017-A"]
[Site "Saint Louis"]
[Date "2017.03.14"]
[Round "4"]
[White "Swiercz, Dariusz"]
[Black "Fedoseev, Vladimir"]
[Result "1/2-1/2"]
[WhiteElo "2645"]
[BlackElo "2658"]
[PlyCount "112"]
[EventDate "2017.??.??"]

1. e4 c6 2. d4 d5 3. e5 Bf5 4. Nf3 e6 5. Be2 Nd7 6. O-O h6 7. c3 g5 8. Nbd2 g4
9. Ne1 h5 10. Nb3 f6 11. f4 a5 12. Be3 a4 13. Nc1 Bh6 14. Qd2 Nb6 15. Bd3 Nc4
16. Qe2 Qb6 17. Bxf5 exf5 18. Ncd3 fxe5 19. Nxe5 Qxb2 20. Nc2 Qxc3 21. Ng6 Kf7
22. Nxh8+ Kg7 23. Bf2 Qd2 24. Qe6 Kxh8 25. Ne3 Nxe3 26. Bxe3 Qd3 27. Rab1 Ra7
28. Rfe1 h4 29. Qf7 Bg7 30. Rbd1 Qc2 31. Rd2 Qc3 32. Qxf5 Nf6 33. Qc8+ Kh7 34.
Qf5+ Kh8 35. Rde2 Ra8 36. Bf2 g3 37. hxg3 hxg3 38. Qh3+ Kg8 39. Bxg3 Ne4 40.
Qe6+ Kh8 41. Bf2 Bxd4 42. Bxd4+ Qxd4+ 43. Re3 Rf8 44. Kh2 Qf6 45. Rh3+ Kg7 46.
Qg4+ Qg6 47. Qh4 Kf7 48. f5 Qd6+ 49. Kh1 Qe5 50. Rb1 b5 51. Qh7+ Ke8 52. Rf1
Kd8 53. Qa7 Ng3+ 54. Kg1 Ne2+ 55. Kh1 Ng3+ 56. Kg1 Ne2+ 1/2-1/2

[Event "Winter Classic 2017-A"]
[Site "Saint Louis"]
[Date "2017.03.15"]
[Round "5"]
[White "Shankland, Samuel L"]
[Black "Xiong, Jeffery"]
[Result "1/2-1/2"]
[WhiteElo "2666"]
[BlackElo "2674"]
[PlyCount "95"]
[EventDate "2017.??.??"]

1. e4 e5 2. Nf3 Nc6 3. Bb5 a6 4. Ba4 Nf6 5. O-O Be7 6. Re1 b5 7. Bb3 d6 8. c3
O-O 9. h3 Na5 10. Bc2 c5 11. d4 Nd7 12. a4 Bb7 13. d5 b4 14. b3 bxc3 15. Nxc3
Rb8 16. Bd2 Bc8 17. Nb1 g6 18. Bh6 Re8 19. Na3 Rb4 20. Bd2 Rf8 21. Bxb4 cxb4
22. Nb1 Nc5 23. Nbd2 f5 24. Rc1 Qd7 25. Qe2 Bf6 26. Bd3 fxe4 27. Bxe4 Naxb3 28.
Nxb3 Nxb3 29. Rb1 Nc5 30. Rxb4 a5 31. Rb6 Nxa4 32. Rc6 Nc5 33. Qb5 a4 34. Bc2
Qd8 35. Qb4 Be7 36. Rxc5 dxc5 37. Qxa4 Bd6 38. Qb3 Qf6 39. Be4 Bf5 40. Qc2 Kh8
41. Rb1 Bxe4 42. Qxe4 Qf4 43. Qxf4 exf4 44. Rb6 Rd8 45. Ng5 Kg8 46. Ne6 Rd7 47.
Rc6 Be7 48. Nxc5 1/2-1/2

[Event "Winter Classic 2017-A"]
[Site "Saint Louis"]
[Date "2017.03.15"]
[Round "5"]
[White "Fedoseev, Vladimir"]
[Black "Li, Ruifeng"]
[Result "1/2-1/2"]
[WhiteElo "2658"]
[BlackElo "2577"]
[PlyCount "119"]
[EventDate "2017.??.??"]

1. d4 Nf6 2. c4 e6 3. Nf3 b6 4. g3 Bb7 5. Bg2 g6 6. Be3 Bg7 7. Qc1 O-O 8. Bh6
d6 9. Nc3 c5 10. dxc5 dxc5 11. h4 Bxh6 12. Qxh6 Ng4 13. Qg5 h5 14. Rd1 Qxg5 15.
hxg5 Nc6 16. Rd7 Na5 17. b3 Rfd8 18. Rc7 Rac8 19. Rxc8 Bxc8 20. Nh2 Nxh2 21.
Rxh2 Bb7 22. Bxb7 Nxb7 23. Ne4 Kf8 24. Nf6 Na5 25. g4 hxg4 26. Nxg4 Nc6 27. e3
Ke7 28. Ke2 a6 29. Rh1 Rd6 30. f3 Rd8 31. a3 Rb8 32. Kd3 b5 33. Kc2 bxc4 34.
bxc4 a5 35. Rb1 Rxb1 36. Kxb1 Kd6 37. Kc2 a4 38. Kc3 Ne5 39. Nh2 Nd7 40. Nf1 f6
41. gxf6 Nxf6 42. Ng3 g5 43. Kd3 Ke5 44. Ne2 Nd7 45. Ng3 Nf6 46. Ke2 Nd7 47.
Kd2 Nf6 48. Ne2 Nd7 49. Nc3 Nb6 50. Kd3 Kf5 51. Nb5 Nd7 52. Nd6+ Ke5 53. Nc8
Kf5 54. Ke2 g4 55. f4 e5 56. Nd6+ Ke6 57. Ne4 exf4 58. exf4 Kf5 59. Ke3 Nb6 60.
Ng3+ 1/2-1/2

[Event "Winter Classic 2017-A"]
[Site "Saint Louis"]
[Date "2017.03.15"]
[Round "5"]
[White "Cordova, Emilio"]
[Black "Howell, David W L"]
[Result "1/2-1/2"]
[WhiteElo "2655"]
[BlackElo "2667"]
[PlyCount "69"]
[EventDate "2017.??.??"]

1. Nf3 Nf6 2. c4 c5 3. g3 d5 4. cxd5 Nxd5 5. Bg2 Nc6 6. Nc3 g6 7. h4 h6 8. d3
Bg7 9. Bd2 Be6 10. O-O Rc8 11. Rc1 b6 12. Nxd5 Bxd5 13. b4 Nxb4 14. Bxb4 cxb4
15. Qa4+ Kf8 16. Qxb4 Bxf3 17. Bxf3 Bf6 18. Qa3 Rc7 19. Rxc7 Qxc7 20. Rc1 Qb8
21. Qa6 Kg7 22. a4 Rd8 23. Kg2 h5 24. e3 e5 25. Rc6 Be7 26. Qc4 Bc5 27. g4 Rd6
28. Rxd6 Qxd6 29. gxh5 f5 30. hxg6 Qxg6+ 31. Kf1 Qf7 32. Bd5 Qh5 33. Be6 f4 34.
Qe4 fxe3 35. Bg4 1/2-1/2

[Event "Winter Classic 2017-A"]
[Site "Saint Louis"]
[Date "2017.03.15"]
[Round "5"]
[White "Zherebukh, Yaroslav"]
[Black "Swiercz, Dariusz"]
[Result "1/2-1/2"]
[WhiteElo "2605"]
[BlackElo "2645"]
[PlyCount "60"]
[EventDate "2017.??.??"]

1. d4 Nf6 2. c4 e6 3. Nf3 d5 4. g3 Be7 5. Bg2 O-O 6. O-O dxc4 7. Qc2 a6 8. a4
Bd7 9. Qxc4 Bc6 10. Bg5 Bd5 11. Qc2 Be4 12. Qc1 h6 13. Bxf6 Bxf6 14. Nbd2 Bxf3
15. Bxf3 c6 16. e3 a5 17. h4 Na6 18. Rd1 Nb4 19. Nb3 Qe7 20. Qc5 Rfd8 21. Qxe7
Bxe7 22. Nd2 Kf8 23. Nc4 g6 24. Kf1 h5 25. Rac1 Na2 26. Ra1 Nb4 27. Rac1 Na2
28. Rc2 Nb4 29. Rcc1 Na2 30. Rc2 Nb4 1/2-1/2

[Event "Winter Classic 2017-A"]
[Site "Saint Louis"]
[Date "2017.03.15"]
[Round "5"]
[White "Sevian, Samuel"]
[Black "Ipatov, Alexander"]
[Result "1/2-1/2"]
[WhiteElo "2587"]
[BlackElo "2660"]
[PlyCount "90"]
[EventDate "2017.??.??"]

1. e4 e5 2. Nf3 Nc6 3. Bb5 a6 4. Ba4 Nf6 5. O-O Be7 6. Re1 b5 7. Bb3 d6 8. c3
O-O 9. h3 Nb8 10. d4 Nbd7 11. Nbd2 c5 12. Nf1 Re8 13. Ng3 Bf8 14. Bc2 cxd4 15.
cxd4 exd4 16. a4 d3 17. Bxd3 bxa4 18. Bc2 Bb7 19. Rxa4 Nc5 20. Rd4 Ne6 21. Rd2
Qb6 22. b3 d5 23. exd5 Nf4 24. Rxe8 Rxe8 25. d6 N6d5 26. d7 Rd8 27. Rd4 Qc7 28.
Rc4 Qb8 29. Ng5 Ng6 30. Bf5 h6 31. Nxf7 Kxf7 32. Qh5 Qd6 33. Ne4 Qb6 34. Bb2
Ndf4 35. Qg4 Qxb3 36. Bxg6+ Nxg6 37. Qf5+ Kg8 38. Nf6+ gxf6 39. Qxg6+ Bg7 40.
Qe8+ Kh7 41. Qxd8 Qd1+ 42. Kh2 Qd6+ 43. Kg1 Qd1+ 44. Kh2 Qd6+ 45. Kg1 Qd1+
1/2-1/2

[Event "Winter Classic 2017-A"]
[Site "Saint Louis"]
[Date "2017.03.16"]
[Round "6"]
[White "Howell, David W L"]
[Black "Fedoseev, Vladimir"]
[Result "1/2-1/2"]
[WhiteElo "2667"]
[BlackElo "2658"]
[PlyCount "140"]
[EventDate "2017.??.??"]

1. e4 c6 2. d4 d5 3. exd5 cxd5 4. c4 Nf6 5. Nc3 e6 6. Nf3 Nc6 7. a3 Ne4 8. Bd3
Nxc3 9. bxc3 dxc4 10. Bxc4 Bd6 11. O-O O-O 12. Re1 Qc7 13. Bd3 Na5 14. c4 g6
15. Bb2 Nxc4 16. Bxc4 Qxc4 17. d5 Qxd5 18. Qa4 f6 19. Red1 Qc5 20. Rac1 Qb6 21.
Bd4 Qa6 22. Qxa6 bxa6 23. Bxf6 Bxa3 24. Ra1 Bb4 25. Be5 Bb7 26. Bd6 Bc3 27. Ra3
Rfc8 28. h3 a5 29. Rb1 Bd5 30. Ne5 Be4 31. Rbb3 Bd4 32. Ng4 h5 33. Be5 Bxe5 34.
Nxe5 Rc5 35. Nd7 Rf5 36. Re3 Bd5 37. Rxa5 Rc8 38. Re2 Rc1+ 39. Kh2 Rf1 40. Kg3
Rg1 41. f4 Rc1 42. Ne5 Rc7 43. Ra4 Kg7 44. Re3 g5 45. fxg5 Rxg5+ 46. Kh4 Rxg2
47. Kxh5 Kh8 48. Ng4 Rb2 49. Rea3 Rbb7 50. Kg5 Rf7 51. Rf4 Rg7+ 52. Kh4 Rb8 53.
Rfa4 Ra8 54. Ra5 Rf7 55. Ne5 Rc7 56. R5a4 Kg7 57. Kg5 Kg8 58. Ng6 Rf7 59. h4
Kh7 60. Rf4 Rxf4 61. Nxf4 Bc4 62. Ra4 Bb3 63. Ra3 Bc4 64. Ra4 Bb5 65. Ra5 Bd7
66. Kf6 Rf8+ 67. Ke7 Rxf4 68. Kxd7 Rf6 69. Ke7 Rh6 70. h5 e5 1/2-1/2

[Event "Winter Classic 2017-A"]
[Site "Saint Louis"]
[Date "2017.03.16"]
[Round "6"]
[White "Ipatov, Alexander"]
[Black "Swiercz, Dariusz"]
[Result "1/2-1/2"]
[WhiteElo "2660"]
[BlackElo "2645"]
[PlyCount "188"]
[EventDate "2017.??.??"]

1. Nf3 Nf6 2. c4 g6 3. Nc3 d5 4. cxd5 Nxd5 5. Qc2 Nc6 6. Qb3 Nb6 7. d4 Be6 8.
Qd1 Bg7 9. e3 O-O 10. Be2 Bc4 11. Bxc4 Nxc4 12. O-O Nb6 13. b3 e5 14. Ba3 Re8
15. d5 e4 16. dxc6 exf3 17. cxb7 fxg2 18. Re1 Bxc3 19. bxa8=Q Qxa8 20. Qd3 Nd5
21. Red1 Bxa1 22. Qxd5 Qxd5 23. Rxd5 Re5 24. Rd8+ Kg7 25. Bf8+ Kf6 26. a4 Re6
27. Bc5 a6 28. b4 Rc6 29. Kxg2 Be5 30. a5 Bd6 31. Bd4+ Be5 32. Bc5 Bd6 33. Bxd6
cxd6 34. Rb8 Rc4 35. Kf3 d5 36. Ke2 g5 37. h3 h5 38. Kd3 g4 39. h4 Ke5 40. Re8+
Kd6 41. Rd8+ Ke6 42. Rb8 Ke5 43. Rb6 f6 44. Rb7 Kf5 45. Rb8 Ke5 46. Rb6 Kf5 47.
Rxa6 Rxb4 48. Ra8 Rb2 49. a6 Rxf2 50. Rd8 Ra2 51. Rxd5+ Kg6 52. Rd6 g3 53. Ke4
g2 54. Rd1 Rxa6 55. Kf3 Ra2 56. e4 Kf7 57. Rd7+ Ke6 58. Rg7 Ke5 59. Re7+ Kd6
60. Rg7 Ke6 61. Rg8 Rb2 62. Rg7 Rc2 63. Rg8 Ra2 64. Rg7 Ra7 65. Rg8 g1=Q 66.
Rxg1 Ra3+ 67. Kf4 Rh3 68. Rg8 Rxh4+ 69. Kf3 Rh1 70. Rh8 Kf7 71. Kg3 Kg7 72. Re8
Rf1 73. Re7+ Kg6 74. Re8 Rg1+ 75. Kh3 Rg5 76. Rg8+ Kf7 77. Ra8 Ke6 78. Re8+ Kd7
79. Rh8 Kd6 80. Kh4 Rg4+ 81. Kh3 Rg5 82. Kh4 Rg4+ 83. Kh3 Rxe4 84. Rxh5 Ke6 85.
Kg3 Ra4 86. Rb5 Rd4 87. Kf3 f5 88. Rb6+ Ke5 89. Rb5+ Kf6 90. Rb8 Ke5 91. Re8+
Kf6 92. Rf8+ Ke5 93. Re8+ Kf6 94. Rf8+ Ke5 1/2-1/2